000 00292 a2200145 4500
001 59304
020 _a8574026689
040 _cAnchieta - Pituba
240 1 0 _aGioacchino Rossini
_lpor
245 1 0 _aGioacchino Rossini
300 _a54
362 0 _a2005
650 4 _aMúsica
942 _cBK
999 _c59304
_d59304